000 00536nam a22001817a 4500
005 20251108163334.0
008 250721s1987 xx 000 0 ara d
082 1 4 _a209/الي
100 1 _aألياد، ميرسيا
245 1 0 _aتاريخ المعتقدات و الأفكار الدينية /
264 1 _aدمشق :
_bدار دمشق للنشر،
_c1987.
300 _a2ج.
650 1 7 _aالديانات
650 1 7 _aالتاريخ
700 1 _aعباس، عبد الهادي
_eترجمة
942 _2ddc
_cBK
999 _c182
_d182